Angelológia - systematické učenie Cirkvi o anjeloch

Bibliographic Details
Main Author: Heczei, Marek, 1984- (Author)
Format: Software eBook
Language:Slovak
PhysicalDescription:1 elektronický optický disk (CD-ROM) 12 cm
Published: Trnava Dobrá kniha 2017
ISBN:9788081911156
Edition:1. vyd.
Subjects:

MARC

LEADER 00000nam a2200000 a 4500
001 vtls011742929
003 SK-MaSNL
005 20260301141916.0
007 co bg auuua
008 240318s2017 xo | fsp 000 0 slo
015 |a SNBS2018 
020 |a 9788081911156  |q (elektronická kniha) 
040 |a SNK  |b slo  |c SNK  |e AACR2 
041 0 |a slo 
044 |a xo  |c SK 
072 7 |a 2-1  |x Prirodzená teológia. Náboženská filozofia  |2 konspekt 
072 7 |a 27  |x Kresťanstvo. Kresťanská cirkev všeobecne. Ekleziológia  |2 konspekt 
080 |a 2-167.2  |2 2011 
080 |a 27‑1  |2 2011 
080 |a (075.8)  |2 2011 
080 |a (0.034.44)  |2 2011 
100 1 |a Heczei, Marek,  |d 1984-  |4 aut  |9 496677 
245 1 0 |a Angelológia - systematické učenie Cirkvi o anjeloch  |h elektronický zdroj  |c [Marek Heczei] 
250 |a 1. vyd. 
260 |a Trnava  |b Dobrá kniha  |c 2017 
300 |a 1 elektronický optický disk (CD-ROM)  |c 12 cm 
500 |a Vydala Dobrá kniha pre Teologickú fakultu Trnavskej univerzity 
500 |a Názov z titulnej obrazovky 
504 |a Bibliogr. odkazy 
516 |a Textový dokument (skriptá), súbor vo formáte pdf 
538 |a Technické požiadavky: PDF prehliadač 
650 0 7 |a angelológia  |2 SNKPH  |9 19878 
650 0 7 |a anjeli  |2 SNKPH  |9 1910 
650 0 7 |a Angelology  |2 SNKPHeng  |9 347080 
650 0 7 |a Angels  |2 SNKPHeng  |9 328157 
655 7 |a elektronické zdroje  |2 SNKPH  |9 90954 
655 7 |a CD-ROM  |2 SNKPH  |9 70236 
655 7 |a učebnice vysokých škôl  |2 SNKPH  |9 70191 
655 7 |a Textbooks (higher)  |2 SNKPHeng  |9 276436 
655 7 |a Electronic resources  |2 SNKPHeng  |9 175546 
710 2 |a Trnavská univerzita v Trnave.  |b Teologická fakulta v Bratislave  |4 pbl  |9 119703 
919 |a 978-80-8191-115-6 
958 |a NB 
958 |a NT 
999 |c 768613  |d 770543 
952 |a SNK  |b SNK  |y PREZ  |7 0  |p 17A1321036  |o snkSCDM 9727  |i snk2018/4580  |8 0  |0 0  |1 0  |4 0  |d 2018-02-22  |l 0  |r 2026-02-24 00:26:53  |w 2026-02-24 
952 |t snkANG 2-167.2  |a SNKMST  |b SNKMST  |y PREZ  |7 0  |p 17A1321035  |o snkSCDM 9727 D1  |i snk2018/4581  |8 0  |0 0  |1 0  |4 0  |d 2018-02-22  |l 0  |r 2025-08-13 00:00:00  |w 2026-02-24